000 00765nam a2200253Ia 4500
003 OSt
005 20221005110540.0
006 a|||||r|||| 00| 0
007 ta
008 221004b |||||||| |||| 00| 0 hin d
024 _a107640
037 _cTextual
040 _aCRL
_cCRL
_bhin
041 _2hin
_ahin
082 _aO152,3N11x, K2
100 _aअज्ञेय
245 0 _aजय - दोल
246 _aJaya - dola
260 _aनई दिल्ली
_bभारतीय ज्ञानपीठ प्रकाशन भारत
_c1962
300 _a161पृ0
_ccm.
650 _aहिन्दी साहित्य
942 _hO152,3N11x, K2
_cTEXL
_2cc
999 _c1019170
_d1019170